Bilancovanie výrobného programu stavebných VHJ a podnikov pomocou automatizovaných systémov riadenia metodická pomôcka

Saved in:
Bibliographic Details
Main Author: Trávnik, Igor
Format: Book
Language:Slovak
Published: Bratislava Alfa 1981
Tags: Add Tag
No Tags, Be the first to tag this record!

MARC

LEADER 00000nam a2200000 4500
001 c131516
005 20041019155252.6
041 0 |a slo 
044 |a SK 
245 1 0 |a Bilancovanie výrobného programu stavebných VHJ a podnikov pomocou automatizovaných systémov riadenia  |b metodická pomôcka  |c Igor Trávnik a kol. 
264 1 |a Bratislava  |b Alfa  |c 1981 
300 |a 103 s. 
100 1 |a Trávnik, Igor